000 00824nam a22002897a 4500
003 CHAP
005 20220329141553.0
008 971013s1947 r 00010 d
010 _a70317
011 _a71289
035 _a80843
040 _cCHAP
082 _a634.9
_bE35
100 0 0 _aEdlin, Herbert L.
_935383
245 _aForestry and woodland life
260 _aLondon :
_bBatsford,
_c1947
300 _a184 p.
_b: ilus.
590 _aBATCH-UPD
_b10
_c20130110
_lUCH01
_h0747
590 _aBATCH-UPD
_b10
_c20130410
_lUCH01
_h0427
590 _aBATCH-UPD
_b10
_c20130914
_lUCH01
_h0704
590 _aCONVERSION
_b10
_c20130109
_lUCH01
_h1339
650 1 4 _aBosques.
_914002
650 1 4 _aBosques
_xGran BretaƱa.
_914197
901 _aBK
942 _cLIBRO
949 _a634.9 E35
_bBC
_cBPP
_d-33840
_eBPP
_h23389
_i80843
_si
999 _c70317
_d70317